000 00629nam a22001937a 4500
005 20251108170951.0
008 250721s1980 xx 000 0 ara d
082 1 4 _aط/598.441/بطر
100 1 _aالنابلسي، هالة
_eحقق
245 1 0 _aالبطريق /
264 1 _aبيروت :
_bدار المسيرة للصحافة و الطباعة و النشر،
_c1980.
300 _a20ص : مص
490 0 _aالمستكشف الصغير : عالم البراري
650 1 7 _aالبطريق
650 1 7 _aالطيور
653 _aناشئون صغار ( 10 - 14 سنة )
942 _2ddc
_cBK
999 _c53255
_d53255